Combien de ville de Mayotte (976) connais-tu ? - Statistiques

Statistiques générales
  • Ce quiz a été pris 102 fois
  • Le résultat moyen est 8 sur 16
Statistiques - réponses
Code postal Ville % Correct
97600 Mamoudzou
97%
97640 Sada
75%
97600 Koungou
61%
97660 Bandrele
54%
97630 Mtsamboro
54%
97625 Kani-Kéli
53%
97610 Pamandzi
53%
97620 Bouéni
51%
97610 Dzaoudzi
51%
97650 Bandraboua
48%
97680 Tsingoni
46%
97620 Chirongui
44%
97670 Chiconi
42%
97660 Dembeni
42%
97650 M'Tsangamouji
33%
97670 Ouangani
24%
Aucun quiz correspondant
Distribution des résultats
% des personnes avec chaque résultat
Percentile par nombre de réponses
Votre historique - résultats
Vous n’avez pas pris ce quiz